[Event "V Torneio Cidade de Leiria"]
[Site "Leiria POR"]
[Date "2017.07.15"]
[Round "3.1"]
[White "Costa, Paulo"]
[Black "Brodowski, Piotr"]
[Result "0-1"]
[BlackElo "2442"]
[WhiteElo "2108"]
[LiveChessVersion "1.4.8"]

1. e4 {[%clk 1:27:39]} d6 {[%clk 1:26:29]} 2. d4 {[%clk 1:26:53]} Nf6
{[%clk 1:25:40]} 3. Nc3 {[%clk 1:27:08]} Nc6 {[%clk 1:21:26]} 4. f3
{[%clk 1:24:14]} e5 {[%clk 1:21:09]} 5. Nge2 {[%clk 1:24:19]} a6 {[%clk 1:12:52]}
6. Be3 {[%clk 1:21:09]} Be7 {[%clk 1:10:10]} 7. Qd2 {[%clk 1:18:18]} O-O
{[%clk 1:07:42]} 8. d5 {[%clk 1:13:44]} Na5 {[%clk 1:07:07]} 9. Nc1
{[%clk 1:13:08]} b5 {[%clk 1:05:08]} 10. Nb3 {[%clk 1:12:06]} Nxb3
{[%clk 0:56:14]} 11. axb3 {[%clk 1:04:40]} Bd7 {[%clk 0:56:40]} 12. Bd3
{[%clk 1:03:59]} c6 {[%clk 0:53:59]} 13. O-O {[%clk 1:01:37]} b4 {[%clk 0:46:33]}
14. Na2 {[%clk 0:55:28]} cxd5 {[%clk 0:44:57]} 15. exd5 {[%clk 0:55:24]} Nxd5
{[%clk 0:40:38]} 16. Bxh7+ {[%clk 0:53:41]} Kxh7 {[%clk 0:41:04]} 17. Qxd5
{[%clk 0:54:04]} a5 {[%clk 0:41:26]} 18. f4 {[%clk 0:49:19]} Be6 {[%clk 0:39:54]}
19. Qd3+ {[%clk 0:49:12]} f5 {[%clk 0:40:14]} 20. c4 {[%clk 0:45:37]} Kg8
{[%clk 0:36:24]} 21. Nc1 {[%clk 0:43:23]} Qc7 {[%clk 0:36:21]} 22. Ne2
{[%clk 0:42:31]} a4 {[%clk 0:33:23]} 23. Rfc1 {[%clk 0:37:26]} axb3
{[%clk 0:31:18]} 24. Rxa8 {[%clk 0:37:04]} Rxa8 {[%clk 0:31:40]} 25. Qxb3
{[%clk 0:35:42]} Qb7 {[%clk 0:26:10]} 26. Nc3 {[%clk 0:31:26]} exf4
{[%clk 0:26:30]} 27. Bf2 {[%clk 0:31:13]} Rc8 {[%clk 0:26:20]} 28. Ne2
{[%clk 0:31:09]} Qe4 {[%clk 0:21:17]} 29. Nd4 {[%clk 0:31:09]} Bd5
{[%clk 0:21:17]} 30. Qh3 {[%clk 0:24:50]} Bh4 {[%clk 0:09:54]} 31. Nxf5
{[%clk 0:18:44]} Bxf2+ {[%clk 0:10:09]} 32. Kxf2 {[%clk 0:19:08]} Rxc4
{[%clk 0:09:06]} 33. Rxc4 {[%clk 0:16:21]} Bxc4 {[%clk 0:09:29]} 34. Ne7+
{[%clk 0:16:00]} Qxe7 {[%clk 0:09:55]} 35. Qc8+ {[%clk 0:16:25]} Kh7
{[%clk 0:10:21]} 36. Qxc4 {[%clk 0:16:51]} Qe3+ {[%clk 0:10:49]} 37. Kf1
{[%clk 0:17:11]} b3 {[%clk 0:11:12]} 38. Qc8 {[%clk 0:15:38]} Qd3+
{[%clk 0:11:19]} 39. Ke1 {[%clk 0:15:59]} Qb1+ {[%clk 0:11:24]} 40. Ke2
{[%clk 0:15:56]} Qxb2+ {[%clk 0:11:48]} 41. Kf3 {[%clk 0:16:20]} Qe5
{[%clk 0:10:55]} 42. Qh3+ {[%clk 0:16:26]} Kg6 {[%clk 0:11:14]} 43. Qg4+
{[%clk 0:16:43]} Kf6 {[%clk 0:11:37]} 44. Qh4+ {[%clk 0:17:06]} Kf7
{[%clk 0:12:02]} 0-1

[Event "V Torneio Cidade de Leiria"]
[Site "Leiria POR"]
[Date "2017.07.15"]
[Round "3.2"]
[White "Luch, Michal"]
[Black "Negrão, Alberto"]
[Result "1-0"]
[BlackElo "1939"]
[WhiteElo "2393"]
[LiveChessVersion "1.4.8"]

1. d4 {[%clk 1:30:58]} Nf6 {[%clk 1:20:50]} 2. c4 {[%clk 1:31:24]} e6
{[%clk 1:20:44]} 3. Nc3 {[%clk 1:31:50]} d5 {[%clk 1:21:06]} 4. cxd5
{[%clk 1:32:14]} exd5 {[%clk 1:21:34]} 5. Bg5 {[%clk 1:32:39]} Be7
{[%clk 1:21:37]} 6. e3 {[%clk 1:33:00]} O-O {[%clk 1:21:47]} 7. Bd3
{[%clk 1:33:23]} c6 {[%clk 1:20:13]} 8. Qc2 {[%clk 1:33:45]} Nbd7
{[%clk 1:19:42]} 9. Nge2 {[%clk 1:34:10]} Re8 {[%clk 1:18:57]} 10. O-O
{[%clk 1:34:35]} Nf8 {[%clk 1:16:07]} 11. f3 {[%clk 1:35:01]} Ng6
{[%clk 1:13:25]} 12. Rad1 {[%clk 1:33:42]} Nh5 {[%clk 1:06:36]} 13. Bxe7
{[%clk 1:34:01]} Qxe7 {[%clk 1:06:45]} 14. e4 {[%clk 1:34:27]} Qg5
{[%clk 0:57:32]} 15. Qd2 {[%clk 1:25:43]} Qxd2 16. Rxd2 {[%clk 1:26:01]} Nhf4
{[%clk 0:44:57]} 17. Nxf4 {[%clk 1:25:59]} Nxf4 {[%clk 0:45:19]} 18. Bc2
{[%clk 1:25:56]} Be6 {[%clk 0:41:09]} 19. e5 {[%clk 1:22:36]} Rad8
{[%clk 0:37:09]} 20. g3 {[%clk 1:22:38]} Ng6 {[%clk 0:37:07]} 21. f4
{[%clk 1:22:28]} Bh3 {[%clk 0:34:06]} 22. Re1 {[%clk 1:10:10]} Ne7
{[%clk 0:33:41]} 23. Bd1 {[%clk 1:10:19]} Bd7 {[%clk 0:29:50]} 24. g4
{[%clk 1:10:20]} h5 {[%clk 0:21:28]} 25. h3 {[%clk 1:08:02]} hxg4
{[%clk 0:19:35]} 26. hxg4 {[%clk 1:08:30]} g6 {[%clk 0:19:08]} 27. Rg2
{[%clk 1:08:34]} Kf8 {[%clk 0:14:54]} 28. Bc2 {[%clk 1:05:41]} Ng8
{[%clk 0:11:35]} 29. Rf1 {[%clk 1:02:50]} f6 {[%clk 0:08:09]} 30. Bxg6
{[%clk 1:02:39]} Re7 {[%clk 0:08:33]} 31. b4 {[%clk 0:58:27]} Rg7 32. Bh5
{[%clk 0:47:35]} Be8 {[%clk 0:06:29]} 33. Bxe8 {[%clk 0:46:38]} Rxe8
{[%clk 0:06:57]} 34. Nd1 {[%clk 0:46:45]} a5 {[%clk 0:06:14]} 35. bxa5
{[%clk 0:46:01]} Ra8 {[%clk 0:06:37]} 36. Ne3 {[%clk 0:46:26]} Rxa5
{[%clk 0:06:00]} 37. Nf5 {[%clk 0:46:54]} Rc7 {[%clk 0:05:58]} 38. Rb1
{[%clk 0:45:55]} Ra4 {[%clk 0:05:11]} 39. Rh2 {[%clk 0:43:25]} fxe5
{[%clk 0:04:38]} 40. fxe5 {[%clk 0:43:48]} b5 {[%clk 0:03:52]} 41. Rf1
{[%clk 0:43:13]} Rca7 {[%clk 0:02:31]} 42. Nd6+ {[%clk 0:38:10]} Kg7
{[%clk 0:02:53]} 43. Ne8+ {[%clk 0:38:32]} Kg6 {[%clk 0:02:32]} 44. Rf8
{[%clk 0:38:48]} Ne7 {[%clk 0:01:09]} 45. Rh5 1-0

[Event "V Torneio Cidade de Leiria"]
[Site "Leiria POR"]
[Date "2017.07.15"]
[Round "3.3"]
[White "Fernandes, João Pedro"]
[Black "Bray, Daniel"]
[Result "0-1"]
[BlackElo "2165"]
[WhiteElo "1953"]
[LiveChessVersion "1.4.8"]

1. e4 c5 2. Nf3 d6 3. d4 cxd4 4. Nxd4 Nf6 5. Nc3 a6 6. h3 e6 7. g4 b5 8. a3 Bb7
9. Bg2 Nfd7 10. Be3 Be7 11. Qe2 O-O 12. O-O Nc6 13. Rad1 Rc8 14. f4 Qc7 15. f5
Nxd4 16. Bxd4 Ne5 17. Kh1 Bh4 18. Bxe5 dxe5 19. Rd3 Bg5 20. Qf2 Qc4 21. Rfd1 b4
22. axb4 Qxb4 23. h4 Bf4 24. Rb1 Rfd8 25. Qe2 Qe7 26. Qf2 h6 27. Rbd1 Rxd3 28.
cxd3 exf5 29. gxf5 g5 30. Qf3 Kh7 31. h5 Qb4 32. Qe2 Kg7 33. Ra1 Qb6 34. Ra4 Bc6
35. Rc4 Rb8 36. b4 Bb7 37. Na4 Qb5 38. Nc5 Bc6 39. Qa2 a5 40. Qc2 axb4 41. Ne6+
fxe6 42. Rxc6 b3 43. Rc7+ Kf6 44. Qb2 Qxd3 0-1

[Event "V Torneio Cidade de Leiria"]
[Site "Leiria POR"]
[Date "2017.07.15"]
[Round "3.4"]
[White "Fonseca, Eurico"]
[Black "Simões, Miguel"]
[Result "0-1"]
[BlackElo "1680"]
[WhiteElo "1537"]
[LiveChessVersion "1.4.8"]

1. d4 {[%clk 1:30:57]} Nf6 {[%clk 1:30:53]} 2. c4 {[%clk 1:31:19]} g6
{[%clk 1:31:18]} 3. Nc3 {[%clk 1:31:40]} Bg7 {[%clk 1:31:40]} 4. e4
{[%clk 1:32:04]} d6 {[%clk 1:32:04]} 5. Nf3 {[%clk 1:32:24]} O-O {[%clk 1:32:28]}
6. Be2 {[%clk 1:32:11]} Nbd7 {[%clk 1:30:16]} 7. O-O {[%clk 1:31:52]} e5
{[%clk 1:29:06]} 8. h3 {[%clk 1:25:41]} exd4 {[%clk 1:26:58]} 9. Nxd4
{[%clk 1:25:56]} Qe7 {[%clk 1:24:05]} 10. f3 {[%clk 1:25:22]} Nb6
{[%clk 1:21:10]} 11. Be3 {[%clk 1:23:47]} Bd7 {[%clk 1:16:00]} 12. Qd2
{[%clk 1:18:25]} Nh5 {[%clk 1:13:40]} 13. Bf2 {[%clk 1:16:32]} Be5
{[%clk 1:12:27]} 14. Bd3 {[%clk 1:13:55]} Nf4 {[%clk 1:10:39]} 15. Nde2
{[%clk 1:12:56]} Qg5 {[%clk 1:09:08]} 16. Nxf4 {[%clk 1:05:00]} Bxf4
{[%clk 1:09:32]} 17. Qc2 {[%clk 1:02:05]} Bxh3 {[%clk 1:08:35]} 18. Bd4
{[%clk 1:02:00]} Bd7 {[%clk 1:07:12]} 19. a4 {[%clk 1:01:28]} Qh4
{[%clk 1:06:11]} 20. g4 {[%clk 1:00:13]} c5 {[%clk 1:05:20]} 21. Qf2
{[%clk 0:57:40]} Bg3 {[%clk 1:05:33]} 22. Qg2 {[%clk 0:57:06]} cxd4
{[%clk 1:05:50]} 23. Ne2 {[%clk 0:57:10]} Be5 {[%clk 1:05:17]} 24. a5
{[%clk 0:56:10]} Nc8 {[%clk 1:05:22]} 25. a6 {[%clk 0:55:57]} b6 {[%clk 1:05:35]}
26. b4 {[%clk 0:54:18]} Qd8 {[%clk 1:04:38]} 27. Qh3 {[%clk 0:53:53]} Bh8
{[%clk 1:03:29]} 28. Kg2 {[%clk 0:53:39]} f6 {[%clk 1:02:49]} 29. c5
{[%clk 0:53:04]} Bg7 {[%clk 0:56:46]} 30. Bc4+ {[%clk 0:51:11]} Kh8
{[%clk 0:57:07]} 31. Rh1 {[%clk 0:49:37]} h6 {[%clk 0:57:31]} 32. Bd5
{[%clk 0:47:39]} Rb8 {[%clk 0:57:45]} 33. c6 {[%clk 0:46:24]} Be8
{[%clk 0:57:49]} 34. Nxd4 {[%clk 0:46:19]} f5 {[%clk 0:55:45]} 35. Ne6
{[%clk 0:46:10]} Qf6 {[%clk 0:53:18]} 36. c7 {[%clk 0:40:58]} Ra8
{[%clk 0:53:37]} 37. Nxg7 {[%clk 0:31:12]} Qb2+ {[%clk 0:53:26]} 38. Kg3
{[%clk 0:31:11]} f4+ {[%clk 0:53:50]} 39. Kh4 {[%clk 0:30:57]} g5#
{[%clk 0:53:58]} 0-1

[Event "V Torneio Cidade de Leiria"]
[Site "Leiria POR"]
[Date "2017.07.15"]
[Round "3.6"]
[White "Silva, Daniel"]
[Black "Oliveira, Tomás"]
[Result "1-0"]
[BlackElo "1580"]
[WhiteElo "1867"]
[LiveChessVersion "1.4.8"]

1. e4 e6 2. d4 d5 3. e5 c5 4. c3 Nc6 5. Nf3 Qb6 6. a3 Nh6 7. Bd3 Nf5 8. Bxf5 exf5
9. O-O Be6 10. b4 cxd4 11. cxd4 Be7 12. Nc3 O-O 13. Be3 a6 14. Rc1 Qd8 15. Na4 a5
16. b5 {[%clk 1:09:17]} Na7 {[%clk 1:21:00]} 17. Qb3 {[%clk 1:09:07]} Nc8
{[%clk 1:16:56]} 18. Nc5 {[%clk 1:07:45]} Bxc5 {[%clk 1:15:58]} 19. Rxc5
{[%clk 1:07:41]} Na7 {[%clk 1:13:50]} 20. Rfc1 {[%clk 1:06:59]} Rc8
{[%clk 1:13:24]} 21. a4 {[%clk 1:05:35]} Rxc5 {[%clk 1:11:13]} 22. Rxc5
{[%clk 1:05:56]} b6 {[%clk 1:10:22]} 23. Rc1 {[%clk 1:06:17]} Qd7
{[%clk 1:10:28]} 24. Bg5 {[%clk 1:05:42]} h6 {[%clk 1:09:44]} 25. Bd2
{[%clk 1:05:33]} Rc8 {[%clk 1:09:02]} 26. Ne1 {[%clk 1:03:41]} Rxc1
{[%clk 1:07:42]} 27. Bxc1 {[%clk 1:04:02]} Kf8 {[%clk 1:06:44]} 28. Ba3+
{[%clk 1:03:40]} Ke8 {[%clk 1:06:51]} 29. Qg3 {[%clk 1:03:35]} g6
{[%clk 1:04:27]} 30. Qh4 {[%clk 0:59:57]} h5 {[%clk 1:04:01]} 31. Nf3
{[%clk 0:59:04]} Qd8 {[%clk 1:03:55]} 32. Ng5 {[%clk 0:59:13]} Kd7
{[%clk 1:01:50]} 33. Qg3 {[%clk 0:59:18]} Nc8 {[%clk 0:58:46]} 34. Nh7
{[%clk 0:58:00]} Kc7 {[%clk 0:49:04]} 35. Nf6 Kb7 {[%clk 0:48:05]} 36. Qc3
{[%clk 0:54:54]} Qc7 {[%clk 0:47:23]} 37. Qxc7+ {[%clk 0:55:20]} Kxc7
{[%clk 0:47:26]} 38. f4 {[%clk 0:55:47]} Kd8 {[%clk 0:44:06]} 39. Kf2
{[%clk 0:53:13]} Ne7 {[%clk 0:37:01]} 40. Bxe7+ {[%clk 0:53:32]} Kxe7
{[%clk 0:36:51]} 41. Kg3 {[%clk 0:53:55]} Kf8 {[%clk 0:32:17]} 42. Kh4
{[%clk 0:54:18]} Ke7 {[%clk 0:30:33]} 43. Kg5 {[%clk 0:54:41]} Kf8
{[%clk 0:30:39]} 44. Kh6 {[%clk 0:55:06]} Ke7 {[%clk 0:30:48]} 45. Kg7
{[%clk 0:55:29]} g5 {[%clk 0:30:53]} 46. Nxh5 {[%clk 0:55:05]} Bd7
{[%clk 0:28:49]} 47. Nf6 {[%clk 0:55:10]} Bxb5 {[%clk 0:27:33]} 48. Nxd5+
{[%clk 0:55:33]} 1-0

[Event "V Torneio Cidade de Leiria"]
[Site "Leiria POR"]
[Date "2017.07.15"]
[Round "3.7"]
[White "Basilio, Rodrigo"]
[Black "Arjona Casado, Abel"]
[Result "1/2-1/2"]
[BlackElo "1828"]
[WhiteElo "1566"]
[LiveChessVersion "1.4.8"]

1. e4 {[%clk 1:30:36]} c5 {[%clk 1:30:51]} 2. Nf3 {[%clk 1:30:59]} d6
{[%clk 1:31:14]} 3. d4 {[%clk 1:31:24]} cxd4 {[%clk 1:31:40]} 4. Nxd4
{[%clk 1:31:36]} Nf6 {[%clk 1:32:05]} 5. Nc3 {[%clk 1:31:53]} Nc6
{[%clk 1:32:18]} 6. Be3 {[%clk 1:31:40]} Ng4 {[%clk 1:32:26]} 7. Nxc6
{[%clk 1:31:11]} bxc6 {[%clk 1:31:37]} 8. Bf4 {[%clk 1:30:10]} Qb6
{[%clk 1:28:07]} 9. Qd2 {[%clk 1:22:27]} Nxf2 {[%clk 1:24:39]} 10. Be3
{[%clk 1:21:34]} Qxb2 {[%clk 1:13:17]} 11. Rb1 {[%clk 1:21:03]} Nxe4
{[%clk 1:11:11]} 12. Rxb2 {[%clk 1:21:22]} Nxd2 {[%clk 1:11:35]} 13. Kxd2
{[%clk 1:21:44]} g6 {[%clk 1:11:34]} 14. Be2 {[%clk 1:20:26]} Bg7
{[%clk 1:11:30]} 15. Rhb1 {[%clk 1:19:49]} O-O {[%clk 1:10:34]} 16. Bg5
{[%clk 1:18:35]} h6 {[%clk 1:05:43]} 17. Bh4 {[%clk 1:18:22]} g5 {[%clk 1:05:38]}
18. Bf2 {[%clk 1:17:58]} e5 {[%clk 1:03:22]} 19. Rb8 {[%clk 1:17:51]} Be6
{[%clk 1:02:48]} 20. R8b7 {[%clk 1:18:11]} d5 {[%clk 1:00:50]} 21. Na4
{[%clk 1:17:19]} d4 {[%clk 1:00:05]} 22. a3 {[%clk 1:13:10]} e4 {[%clk 0:59:04]}
23. Bg3 {[%clk 1:13:21]} f5 {[%clk 0:57:18]} 24. Nc5 {[%clk 1:12:35]} Bd5
{[%clk 0:56:38]} 25. Be1 {[%clk 1:06:55]} e3+ {[%clk 0:49:07]} 26. Kd1
{[%clk 1:06:05]} Bxg2 {[%clk 0:47:15]} 27. Ne6 {[%clk 0:58:41]} Rf7
{[%clk 0:44:51]} 28. Bh5 {[%clk 0:57:05]} Rxb7 {[%clk 0:40:50]} 29. Rxb7
{[%clk 0:57:29]} Be5 {[%clk 0:39:31]} 30. Ke2 {[%clk 0:46:43]} Bxh2
{[%clk 0:34:16]} 31. Bg6 {[%clk 0:41:33]} Be5 {[%clk 0:33:32]} 32. Bxf5
{[%clk 0:41:31]} Bd5 {[%clk 0:30:28]} 33. Bg3 Bxg3 {[%clk 0:17:10]} 34. Rg7+
{[%clk 0:36:10]} Kh8 {[%clk 0:17:27]} 35. Rh7+ {[%clk 0:36:35]} 1/2-1/2

[Event "V Torneio Cidade de Leiria"]
[Site "Leiria POR"]
[Date "2017.07.15"]
[Round "3.8"]
[White "Belo, André"]
[Black "Goncalves, Lucas"]
[Result "1-0"]
[BlackElo "1386"]
[WhiteElo "1785"]
[LiveChessVersion "1.4.8"]

1. e4 {[%clk 1:30:15]} e5 {[%clk 1:30:36]} 2. Nf3 {[%clk 1:30:36]} Nc6
{[%clk 1:30:55]} 3. d4 {[%clk 1:30:55]} exd4 {[%clk 1:31:08]} 4. Nxd4
{[%clk 1:28:59]} Nxd4 {[%clk 1:30:49]} 5. Qxd4 {[%clk 1:29:17]} d6
{[%clk 1:31:07]} 6. Nc3 {[%clk 1:28:43]} Ne7 {[%clk 1:30:34]} 7. Bg5
{[%clk 1:26:33]} Nc6 {[%clk 1:30:30]} 8. Qd2 {[%clk 1:21:28]} Be7
{[%clk 1:30:11]} 9. Be3 {[%clk 1:20:22]} O-O {[%clk 1:30:30]} 10. Bd3
{[%clk 1:18:48]} Be6 {[%clk 1:30:14]} 11. O-O {[%clk 1:19:04]} Ne5
{[%clk 1:30:22]} 12. Rad1 {[%clk 1:16:18]} Nxd3 {[%clk 1:29:14]} 13. Qxd3
{[%clk 1:15:59]} a6 {[%clk 1:28:33]} 14. f4 {[%clk 1:11:45]} b5 {[%clk 1:27:51]}
15. Nd5 {[%clk 1:06:08]} Kh8 {[%clk 1:27:14]} 16. Qc3 {[%clk 0:56:52]} Bxd5
{[%clk 1:26:26]} 17. Rxd5 {[%clk 0:55:47]} Rc8 {[%clk 1:25:50]} 18. f5
{[%clk 0:54:45]} c6 {[%clk 1:22:46]} 19. Rd3 {[%clk 0:52:02]} c5 {[%clk 1:22:50]}
20. Rd5 {[%clk 0:49:18]} Bf6 {[%clk 1:19:53]} 21. Qd2 {[%clk 0:45:05]} Rc6
{[%clk 1:14:59]} 22. c3 {[%clk 0:42:37]} Re8 {[%clk 1:09:46]} 23. Rd1
{[%clk 0:40:27]} Rxe4 {[%clk 1:04:29]} 24. Rxc5 {[%clk 0:40:13]} Rxc5
{[%clk 1:03:07]} 25. Bxc5 {[%clk 0:40:12]} d5 {[%clk 1:03:21]} 26. Qxd5
{[%clk 0:34:59]} Qxd5 {[%clk 1:01:39]} 27. Rxd5 {[%clk 0:34:28]} Re5
{[%clk 1:02:02]} 28. Rxe5 {[%clk 0:33:44]} Bxe5 {[%clk 1:01:41]} 29. Kf2
{[%clk 0:33:58]} f6 {[%clk 1:00:34]} 30. Bd4 {[%clk 0:30:09]} Bd6
{[%clk 0:52:49]} 31. h3 {[%clk 0:29:29]} Kg8 {[%clk 0:53:11]} 32. Kf3
{[%clk 0:29:36]} Kf7 {[%clk 0:52:40]} 33. Ke4 {[%clk 0:30:03]} Ke7
{[%clk 0:51:43]} 34. Kd5 {[%clk 0:30:12]} Kd7 {[%clk 0:51:39]} 35. Bc5
{[%clk 0:27:49]} Be5 {[%clk 0:45:29]} 36. Bf8 {[%clk 0:26:11]} g5
{[%clk 0:45:33]} 37. Bc5 {[%clk 0:26:29]} Bc7 {[%clk 0:44:03]} 38. Bd4
{[%clk 0:23:47]} Bd8 {[%clk 0:44:24]} 39. b3 Be7 {[%clk 0:43:51]} 40. Bb6
{[%clk 0:22:02]} Bd6 {[%clk 0:44:05]} 41. c4 {[%clk 0:21:56]} bxc4
{[%clk 0:44:26]} 42. bxc4 {[%clk 0:22:16]} Be5 {[%clk 0:44:11]} 43. c5
{[%clk 0:22:28]} 1-0

[Event "V Torneio Cidade de Leiria"]
[Site "Leiria POR"]
[Date "2017.07.15"]
[Round "3.10"]
[White "Carreira, Marcelo"]
[Black "Almeida, Pedro Bastos"]
[Result "1-0"]
[BlackElo "1215"]
[WhiteElo "1643"]
[LiveChessVersion "1.4.8"]

1. e4 d5 2. exd5 Qxd5 3. Nc3 Qd8 4. Nf3 Bg4 5. b3 g6 6. h3 Bd7 7. Bb2 Bg7 8. Rb1
c5 9. Ne4 Bxb2 10. Rxb2 b6 11. c4 Nc6 12. d4 Bf5 13. Ng3 Nxd4 14. Rd2 Nc2+ 15.
Rxc2 Qxd1+ 16. Kxd1 Bxc2+ 17. Kxc2 Nf6 18. Bd3 O-O-O 19. Re1 e6 20. Ne4 Nh5 21.
g3 f5 22. Neg5 Ng7 23. Nf7 Rdf8 24. Nxh8 Rxh8 25. Ng5 Kd7 26. Bf1 h6 27. Nf7 Rh7
28. Ne5+ Kd6 29. Nxg6 Ne8 30. Rd1+ Kc7 31. Bg2 Nf6 32. Ne5 a6 33. Kd3 Kd6 34.
Ke2+ Kc7 35. Ke3 Rg7 36. Bf3 a5 37. g4 fxg4 38. Nxg4 Nxg4+ 39. Bxg4 Rg5 40. Ke4
Rg6 41. Ke5 Rg5+ 42. Kxe6 Rg6+ 43. Kf7 Rc6 44. f4 Kb8 45. Rd8+ Ka7 46. Bf3 Rc7+
47. Ke6 b5 48. Kd6 Rg7 49. Kxc5 Rc7+ 50. Kxb5 1-0

[Event "V Torneio Cidade de Leiria"]
[Site "Leiria POR"]
[Date "2017.07.15"]
[Round "3.11"]
[White "Oliveira, Fernando Alves"]
[Black "Cordeiro, João Pedro"]
[Result "1-0"]
[BlackElo "1145"]
[WhiteElo "1580"]
[LiveChessVersion "1.4.8"]

1. d4 Nf6 2. Bf4 g6 3. Nf3 d6 4. e3 Bg7 5. h3 O-O 6. Bc4 Nh5 7. Bh2 a6 8. a4 c5
9. c3 Nc6 10. O-O Bd7 11. Nbd2 Na5 12. Bd3 b5 13. b4 cxb4 14. cxb4 Nb7 15. Be4
Qb6 16. a5 Qc7 17. Rc1 Qb8 18. Qb3 Be6 19. Bd5 Bxd5 20. Qxd5 e6 21. Qc6 Rc8 22.
Qb6 Bf8 23. Ne4 Rd8 24. Rc7 Ra7 25. Nfg5 d5 26. Rxf7 Nd6 27. Rxf8+ Rxf8 28. Qxb8
Rxb8 29. Nxd6 Rd8 30. Nxe6 Rad7 31. Nc5 Rc7 32. Ne6 1-0

[Event "V Torneio Cidade de Leiria"]
[Site "Leiria POR"]
[Date "2017.07.15"]
[Round "3.12"]
[White "Sousa, Ana João"]
[Black "Vinagre, Raquel"]
[Result "0-1"]
[BlackElo "1269"]
[WhiteElo "1151"]
[LiveChessVersion "1.4.8"]

1. e4 e6 2. d4 d5 3. Nd2 c5 4. c3 Ne7 5. Ngf3 a6 6. Bd3 Ng6 7. O-O Be7 8. Re1 O-O
9. Nf1 b5 10. Ne3 c4 11. Bc2 Bb7 12. exd5 exd5 13. b4 Nd7 14. a4 Nf6 15. a5 Qd6
16. Nf5 Qd7 17. Ne5 Nxe5 18. Rxe5 Rfe8 19. Bg5 h6 20. Bxf6 Bxf6 21. Re1 Re6 22.
Qg4 Kf8 23. Ng3 Rxe1+ 24. Rxe1 Qxg4 25. Bf5 Qf4 26. Rf1 g6 27. Bh3 Qd2 28. Kh1
Qxc3 29. Kg1 Bxd4 30. Ne2 Qd3 31. Ng3 Re8 32. Kh1 Bc8 33. Bxc8 Rxc8 34. Kg1 Be5
35. Nh1 c3 36. f3 Bd4+ 37. Nf2 c2 38. Kh1 Bxf2 39. Rxf2 c1=Q+ 40. Rf1 Qcxf1# 0-1

[Event "V Torneio Cidade de Leiria"]
[Site "Leiria POR"]
[Date "2017.07.15"]
[Round "3.13"]
[White "Oliveira, Antonio"]
[Black "Cavadas, José"]
[Result "1/2-1/2"]
[BlackElo "1550"]
[WhiteElo "1371"]
[LiveChessVersion "1.4.8"]

1. d4 Nf6 2. c4 g6 3. Nc3 Bg7 4. Nf3 d6 5. e4 Nbd7 6. Be2 O-O 7. O-O e5 8. d5 Nc5
9. Qc2 a5 10. Bg5 Qe8 11. Nb5 Qd8 12. Nd2 h6 13. Be3 Nh7 14. Bxc5 dxc5 15. Nb3 b6
16. Rad1 a4 17. Nc1 f5 18. f3 f4 19. a3 Rf7 20. Bd3 Qg5 21. Kh1 h5 22. Rg1 h4 23.
Qf2 Nf6 24. Ne2 Nh5 25. g3 hxg3 26. hxg3 Nxg3+ 27. Nxg3 fxg3 28. Rxg3 Qh6+ 29.
Qh2 Qe3 30. Be2 Ba6 31. Rxg6 Bxb5 32. cxb5 Rxf3 33. Rxg7+ Kxg7 34. Rg1+ Kf8 35.
Qh8+ Ke7 36. Qh7+ Ke8 37. Qh8+ Ke7 38. Qh7+ 1/2-1/2